Strategic Management : Concept and Cases (Record no. 2212)

MARC details
005 - DATE AND TIME OF LATEST TRANSACTION
control field 20250508155954.0
020 ## - INTERNATIONAL STANDARD BOOK NUMBER
International Standard Book Number 978-0-13-501320-5
082 ## - DEWEY DECIMAL CLASSIFICATION NUMBER
Classification number 658.401 DAV
100 ## - MAIN ENTRY--PERSONAL NAME
Author name DAVID, F . R .
245 ## - TITLE STATEMENT
Title Strategic Management : Concept and Cases
250 ## - EDITION STATEMENT
Edition statement 12th Ed.
260 ## - PUBLICATION, DISTRIBUTION, ETC.
Place of publication, distribution, etc. New Jersey,
Name of publisher, distributor, etc. Pearson Education,
Date of publication, distribution, etc. 2009.
300 ## - PHYSICAL DESCRIPTION
Extent 368p.: ill.; figure, picture, table,
Other physical details index & reference,
Dimensions 27cm.
942 ## - ADDED ENTRY ELEMENTS (KOHA)
Source of classification or shelving scheme Dewey Decimal Classification
Koha item type Books
Holdings
Date last seen Total checkouts Full call number Barcode Cost, replacement price Price effective from Koha item type Lost status Source of classification or shelving scheme Damaged status Not for loan Withdrawn status Home library Current library Shelving location Date acquired Cost, normal purchase price
05/08/2025   658.401 DAV 0000008537 88500.00 05/08/2025 Books   Dewey Decimal Classification       College of Business Education Main Library College of Business Education Main Library General Collection 10/26/2009 29500.00
05/08/2025   658.401 DAV 0000008538 88500.00 05/08/2025 Books   Dewey Decimal Classification       College of Business Education Main Library College of Business Education Main Library General Collection 10/26/2009 29500.00
05/08/2025   658.401 DAV 0000008539 88500.00 05/08/2025 Books   Dewey Decimal Classification       College of Business Education Main Library College of Business Education Main Library General Collection 10/26/2009 29500.00
05/08/2025   658.401 DAV 0000008540 88500.00 05/08/2025 Books   Dewey Decimal Classification       College of Business Education Main Library College of Business Education Main Library General Collection 10/26/2009 29500.00